[Event "EU-ch 2nd"]
[Site "Ohrid"]
[Date "2001.06.01"]
[Round "1"]
[White "Beliavsky, Alexander G"]
[Black "Savchenko, Stanislav"]
[Result "1/2-1/2"]
[WhiteElo "2638"]
[BlackElo "2517"]
[Annotator "Huebner,R"]
[PlyCount "99"]
[EventDate "2001.06.01"]
[EventType "swiss"]
[EventRounds "13"]
[EventCountry "YUG"]
[SourceTitle "CBM 084"]
[Source "ChessBase"]
[SourceDate "2001.09.13"]
[SourceVersion "1"]
[SourceVersionDate "2001.09.13"]
[SourceQuality "1"]

1. d4 d5 2. c4 c6 3. Nf3 Nf6 4. Nc3 dxc4 5. a4 Bf5 6. Ne5 Nbd7 7. Nxc4 Nb6 8.
e3 {Dies ist eine verhältnismäßig zahme Fortsetzung. Üblicher ist} (8. Ne5 {
usw.}) 8... e6 9. a5 Nxc4 10. Bxc4 Bd6 11. f3 e5 12. dxe5 (12. e4 {ist nicht
besser:} exd4 13. Ne2 Bg6 14. Qxd4 Qc7 {mit gutem Spiel für Schwarz.}) 12...
Bxe5 13. e4 (13. Qxd8+ Rxd8 14. e4 Be6 15. Bxe6 fxe6 16. Be3 Bd4 {führt zu
einer ausgeglichenen Stellung.}) 13... Qe7 ({Die Folge} 13... Qxd1+ 14. Nxd1
Be6 15. Bxe6 fxe6 16. Be3 {überläßt dem Weißen einigen Druck.}) 14. Qb3 O-O 15.
O-O Bg6 ({Nach} 15... Bd4+ 16. Kh1 Be6 17. Bxe6 fxe6 18. Ne2 Bc5 19. Bg5 {
hat Weiß einigen Vorteil.}) 16. Ne2 (16. Be3 $5) 16... Qc7 17. f4 {Danach
erwacht der Läufer auf g6 wieder zum Leben; es entsteht ein scharfes
Scharmützel. In Betracht kam} (17. g3 {um den Damenläufer des Schwarzen
eingeschlossen zu halten.}) 17... Bd6 18. e5 Bc5+ 19. Be3 ({Die Fortsetzung} 
19. Kh1 Ng4 20. Qf3 (20. Qg3 Nh6 {gibt dem Weißen keinen Vorteil.}) 20... Bh5
21. Qh3 Qd7 22. Qxh5 Nf2+ 23. Kg1 {führt zum Remis.}) 19... Qe7 ({Nach} 19...
Bc2 20. Qxc2 Bxe3+ 21. Kh1 Ng4 22. Ng3 {hat Weiß erklecklichen Vorteil, zum
Beispiel} Qd8 23. Rf3 (23. Nf5 g6 24. Nd6 Nxh2 25. Nxf7 Rxf7 (25... Qh4 {
scheitert an} 26. g3) 26. Bxf7+ Kxf7 27. Qb3+ Kg7 28. Qxe3 Nxf1 29. Rxf1 Qxa5
30. f5 {sieht auch sehr gefährlich für Schwarz aus.}) 23... Qh4 24. h3 g6 25.
e6 {usw.}) 20. Kh1 Ng4 21. Bxc5 Qxc5 22. f5 Qxe5 23. Ng3 Bh5 24. Rae1 $6 (24.
Qxb7 Rfe8 25. b3 {gibt Aussichten auf Vorteil.}) 24... Qd6 $2 (24... Qc7 {
sieht plausibler aus. Nach} 25. Be2 Rae8 26. Bxg4 Rxe1 27. Rxe1 Bxg4 28. h3
Qxa5 29. Qc3 Qxc3 30. bxc3 Bxh3 31. gxh3 a5 {dürfte Schwarz überleben können.})
25. Be2 (25. Qxb7 $16) 25... Rae8 26. Bxg4 ({Jetzt erfolgt auf} 26. Qxb7 {
die Antwort} Rxe2 27. Rxe2 Nxh2 {mit besserem Spiel für Schwarz.}) 26... Bxg4
27. h3 ({Nach} 27. Qxb7 {bekommt Schwarz mit} h5 (27... Rxe1 28. Rxe1 Qd2 29.
Ra1 Rd8 30. Qxa7 Qxb2 31. Rf1 {überläßt dem Weißen etwas Vorteil.}) 28. Qxa7
Qd5 {genügend Gegenspiel.}) 27... Qh6 $2 (27... Rxe1 28. Rxe1 Qd2 29. Qc3 Qh6 {
mußte versucht werden.}) 28. Kg1 $2 (28. Kh2 $2 {scheitert an} Bxh3) (28. Ne4
Qh5 29. Re3 {bot dagegen prächtige Gewinnaussichten.}) 28... Bxh3 29. gxh3 Qxh3
30. Re3 h5 31. Rf4 (31. f6 $5) 31... Rxe3 32. Qxe3 Rd8 33. Nf1 Qxe3+ 34. Nxe3
Rd2 35. Rb4 Rd7 36. Kf2 g5 37. Ke2 Kg7 38. Re4 Kf6 39. Re8 g4 40. Ra8 a6 41. b3
Kg5 42. Re8 Kf4 43. f6 Rd6 44. Re7 Rxf6 45. Rxb7 Kg3 46. Ra7 Rf2+ 47. Kd3 Rf3
48. Ke2 Rf2+ 49. Kd3 Rf3 50. Ke2 1/2-1/2

[Event "Sigeman & Co 10th"]
[Site "Malmo"]
[Date "2002.06.14"]
[Round "9"]
[White "Johannessen, Leif Erlend"]
[Black "Luther, Thomas"]
[Result "1-0"]
[WhiteElo "2452"]
[BlackElo "2566"]
[Annotator "Huebner,R"]
[PlyCount "85"]
[EventDate "2002.06.06"]
[EventType "tourn"]
[EventRounds "9"]
[EventCountry "SWE"]
[EventCategory "13"]
[SourceTitle "CBM 090"]
[Source "ChessBase"]
[SourceDate "2002.09.20"]
[SourceVersion "1"]
[SourceVersionDate "2002.09.20"]
[SourceQuality "1"]

1. d4 d5 2. c4 c6 3. Nf3 Nf6 4. Nc3 dxc4 5. a4 Bf5 6. Ne5 Nbd7 7. Nxc4 Nb6 8.
Ne5 a5 9. f3 Nfd7 10. Bf4 Nxe5 11. Bxe5 Bg6 12. e4 f6 13. Bg3 e6 14. Be2 Bb4
15. O-O O-O 16. Bf2 f5 17. Qb3 fxe4 $6 (17... Kh8 18. e5 $6 Nd5 19. Rfc1 f4 20.
Nxd5 cxd5 21. Bd3 Bxd3 22. Qxd3 Qd7 $11 {0-1 Nielsen,P-Sokolov,I/Reykjavik
2001/EXT 2002 (52). (51)}) 18. Qxe6+ Kh8 (18... Bf7 19. Qxe4 Re8 20. Qc2 {
ergibt keine ganz ausreichende Kompensation für den geopferten Bauern.}) 19.
fxe4 Qg5 20. Rfd1 {Weiß verteidigt sich gegen die Drohung 20...Dd2, aber es
überrascht, daß Weiß die f-Linie mit dem Turm verläßt. Es ist jedoch nicht
einfach, einen besseren rat zu geben:} (20. d5 {wird mit} Rxf2 {beantwortet:}
21. Kxf2 (21. Rxf2 Bc5 22. dxc6 (22. Raf1 Rf8 23. Nd1 (23. dxc6 {scheitert an}
Rxf2 24. Rxf2 Qe3) 23... Bf7 24. Qh3 cxd5 {Schwarz läuft keinerlei Gefahr.}) (
22. Qg4 Bxf2+ 23. Kxf2 Qd2 {sieht für Weiß recht unbequem aus.}) 22... Rf8 23.
Nd1 Qf4 24. Bf3 Re8 25. Qg4 Qd2 {Schwarz behält eine höchst gefährliche
Initiative.}) 21... Re8 (21... Bc5+ 22. Ke1 cxd5 23. Qg4 (23. exd5 $2 Re8 24.
d6 h5 25. Qxe8+ Bxe8 26. Rf8+ Kh7 27. Rxe8 Qxg2 {, und Schwarz gewinnt.}) 23...
Qxg4 24. Bxg4 {überläßt dem Weißen Gewinnaussichten.}) 22. Qg4 Qd2 {, und Weiß
schwebt in Lebensgefahr.}) ({Weiß sollte wohl den Bauern auf e4 überdecken:} 
20. Bd3 Qd2 (20... Rae8 {ist weniger genau, zum Beispiel} 21. Qb3 Nd5 22. Nxd5
cxd5 23. e5 Rf3 24. h4 Qg4 25. Qd1) 21. Qh3 Rae8 (21... Bxc3 22. bxc3 Qxc3 23.
Qg3 {ist recht günstig für Weiß.}) 22. Rab1 Nd5 {Schwarz hat ausreichendes
Gegenspiel.}) 20... Rae8 21. Qg4 Qxg4 22. Bxg4 Bxe4 23. Nxe4 Rxe4 24. Bf3 Ree8
25. d5 $11 Nxd5 26. Bxd5 cxd5 27. Rxd5 h6 (27... Kg8 28. Rd7 Rf7 {ist noch
einfacher.}) 28. Rd7 Rf5 29. Rc1 Re2 30. Bd4 Rg5 31. g3 Bd2 $2 (31... Rd2 $11)
32. Rc8+ $2 (32. Kf1 $18 Rxh2 (32... Bxc1 33. Kxe2 Rg4 (33... Rg6 34. Rxb7) 34.
Kd3 b6 35. Kc2 {Weiß gewinnt.}) (32... Re6 33. Rcc7 Reg6 34. Rxb7 {, und
Schwarz ist hilflos.}) 33. Rcc7 $18 Rxg3 34. Bxg7+ Rxg7 35. Rxg7) 32... Kh7 33.
Kh1 (33. Rcc7 Be3+ 34. Bxe3 Rxe3 35. Rxb7 Re2 {Schwarz sollte remis halten
können.}) 33... Be3 34. Bc3 Bb6 $2 (34... Rf2 $11) 35. Rxb7 $18 Rg6 36. Rf8 h5
37. Rff7 h4 38. Rxg7+ Rxg7 39. Rxg7+ Kh6 40. gxh4 Rc2 41. Rb7 Bd8 42. Rd7 Bxh4
43. Rd5 1-0

[Event "Morso"]
[Site "Morso"]
[Date "2002.02.10"]
[Round "2"]
[White "Sokolovs, Andrei"]
[Black "Berg, Klaus"]
[Result "1-0"]
[WhiteElo "2512"]
[BlackElo "2418"]
[Annotator "Huebner,R"]
[PlyCount "35"]
[EventDate "2002.02.09"]
[EventType "tourn"]
[EventRounds "9"]
[EventCountry "DEN"]
[EventCategory "10"]
[SourceTitle "CBM 088"]
[Source "ChessBase"]
[SourceDate "2002.03.21"]
[SourceVersion "1"]
[SourceVersionDate "2002.03.21"]
[SourceQuality "1"]

1. c4 c6 2. d4 d5 3. Nf3 Nf6 4. Nc3 dxc4 5. a4 Bf5 6. Ne5 e6 7. f3 Bb4 8. Nxc4
c5 9. dxc5 Qxd1+ 10. Kxd1 Bxc5 $6 {Dieser Zug ist ungenau; richtig ist} (10...
O-O 11. e4 Bg6 12. Nd6 Rd8 13. Kc2 Nc6 {mit etwa gleichem Spiel (siehe Z.
Ribli, Slawisch, D16-19 [Informatormonographie], D 17/66.}) 11. e4 Bg6 12. Nb5
Na6 $2 {Danach verliert Schwarz ersatzlos den b-Bauern. Nötig ist} (12... Kd7 {
. Nach} 13. Ne5+ Kd8 14. Bf4 Nbd7 15. Nd3 a6 16. Nd6 Bxd6 17. Bxd6 Rc8 {
hat Schwarz einen schweren Stand, kann aber durchaus noch Widerstand leisten.})
13. Nbd6+ Bxd6 {Schwarz gibt auch noch seinen wichtigen schwarzfeldrigen
Läufer ab. Indessen ist seine Lage auch nach} (13... Ke7 14. Nxb7 Bd4 15. Bf4 {
hoffnungslos.}) 14. Nxd6+ Ke7 15. Nxb7 Nb4 16. Bf4 Ne8 17. Rc1 a5 18. Bd2 1-0

[Event "Corus"]
[Site "Wijk aan Zee"]
[Date "2004.01.18"]
[Round "7"]
[White "Bologan, Viktor"]
[Black "Sokolov, Ivan"]
[Result "1-0"]
[WhiteElo "2679"]
[BlackElo "2706"]
[Annotator "Huebner,R"]
[PlyCount "109"]
[EventDate "2004.01.10"]
[EventType "tourn"]
[EventRounds "13"]
[EventCountry "NED"]
[EventCategory "19"]
[SourceTitle "CBM 099"]
[Source "ChessBase"]
[SourceDate "2004.03.30"]
[SourceVersion "1"]
[SourceVersionDate "2004.03.30"]
[SourceQuality "1"]

1. d4 d5 2. c4 c6 3. Nf3 Nf6 4. Nc3 dxc4 5. a4 Bf5 6. Ne5 Nbd7 7. Nxc4 Nb6 8.
Ne5 (8. e3 e6 9. a5 Nxc4 10. Bxc4 Bd6 11. Be2 Qc7 (11... a6 12. Bf3 e5 13. e4
Be6 14. Be3 Qe7 15. O-O O-O 16. Qe2 Rad8 17. d5 {Smejkal,J-Hort,V/BL/1984/1/
2-1/2}) 12. h3 O-O 13. O-O e5 $10 {Portisch,F-Weinzettl,E/Wien op/1986/}) 8...
a5 (8... e6 9. f3 (9. e3 Bd6 (9... Bb4 10. Nd3 (10. Bd2 Nfd7 11. Nd3 Be7 12. e4
Bg6 13. Nf4 e5 14. Nxg6 hxg6 $10 {Razuvaev,Y-Chernin,A/USSR/1985/}) 10... Be7
11. f3 Bg6 12. Be2 O-O 13. O-O Bxd3 14. Bxd3 c5 $10 {Ftacnik,L-Meduna,E/Praha/
1989/}) (9... Nbd7 10. Nd3 Bd6 11. Qb3 Qb6 $10 {Pekarek,A-Meduna,E/Prag chip/
1992/}) 10. Be2 O-O 11. O-O c5 12. a5 cxd4 13. exd4 Nbd5 $10 {Stempin,P-Meduna,
E/Haifa EU-chT/1989/}) (9. Bg5 Be7 (9... h6 10. Bh4 c5 11. a5 cxd4 12. axb6
dxc3 13. Qa4+ Ke7 14. Rd1 $18 {Malanjuk-Meduna/Forli op/1990/}) 10. e3 O-O 11.
Bd3 Nfd7 12. Bxe7 Qxe7 13. Bxf5 exf5 14. Nd3 c5 15. O-O cxd4 16. exd4 $14 {
Georgiev,Kir-Ninov,K/Stara Zagora zt/1990/}) 9... Nfd7 (9... Bb4 10. e4 (10. a5
Nbd5 11. Bd2 Nxc3 12. Bxc3 Nd5 13. Qb3 Qh4+ 14. g3 Qxd4 $17 {Rossiter,
P-Botterill,G/ch-GB/1987/}) 10... Bxe4 (10... Bg6 11. Be3 $16 {Gelfand,
B-Drasko,M/Tallinn/1989/}) 11. fxe4 Nxe4 12. Qd3 Nd5 13. Bd2 Nxd2 14. Qxd2 O-O
15. Be2 c5 16. O-O Rc8 {0,5/Chabanon,JL-Kirov,N/France-Bulgaria/1990/}) (9...
Nbd7 10. e4 Bg6 11. Nc4 Bb4 12. Bg5 Be7 13. Be3 O-O 14. Be2 $14 {Komljenovic,
D-Velikov,P/Torcy op/1991/}) 10. a5 Nxe5 11. axb6 Nd7 12. e4 Bg6 13. Rxa7 Nxb6
14. Rxa8 {0,5/Sosonko,G-Hort,V/BL/1981/} (14. Rxb7 Ra1 15. Kf2 Bd6 16. Qb3 Rxc1
17. Qxb6 O-O $15 {Lutz,C-Meduna,E/Porz/1988/})) (8... g6 9. f3 Nbd7 10. e4 $16
{Petran,P-Hardicsay,P/Elekes Budapest/1992/}) 9. g3 (9. f3 Nfd7 10. Nxd7 Nxd7
11. e4 Bg6 12. d5 e5 13. dxe6 fxe6 14. Qb3 (14. Be3 Bc5 15. Bxc5 Nxc5 16. Bc4
Qxd1+ 17. Kxd1 $14 {Miles,A-Kirov,N/Capelle la Grande/1994/}) 14... Nc5 15. Qc2
$14 {Kozul,Z-Kirov/Novi Sad/1990/}) 9... e6 10. Bg2 Bb4 11. O-O O-O 12. e3 (12.
e4 $2 Bxc3 $17) 12... h6 13. Qe2 Bh7 14. Rd1 Nbd5 {Dieser Zug scheint mir
verfehlt zu sein: Schwarz gestattet dem Weißen, unter günstigen Umständen zu
e3-e4 zu kommen. Die Fortsetzung 14...Sfd7, die bisher an dieser Stelle
hauptsächlich gespielt wurde, gefällt mir weit besser:} (14... Nfd7 15. Nxd7 (
15. Nd3 Qe7 (15... Be7 16. e4 $14) (15... Bxd3 $11) 16. e4 e5 (16... Rfd8 17.
Bf4 $14) 17. d5 (17. dxe5 Nxe5 18. Nxe5 Qxe5 19. Bf4 Qe6 $15) 17... Rfd8 (17...
Bxc3 18. bxc3 {/\Ba3}) 18. Be3 Bxc3 19. bxc3 cxd5 20. exd5 Nc4 {'?'} (20...
Rac8 $11) 21. Bxh6 gxh6 22. Qg4+ Qg5 23. Qxc4 Rac8 24. Qb5 (24. Qb3 $2 Bxd3 25.
Rxd3 Nc5) 24... Rxc3 25. Ne1 {'?'} (25. f4 Bxd3 (25... exf4 26. Nxf4 $16) 26.
fxg5 (26. Rxd3 $18) 26... Bxb5 27. axb5 b6 28. gxh6 Nc5 $44) 25... b6 $11 {
1/2-1/2 Kramnik,V-Short,N/Novgorod 1994/CBM 43/[Hansen,Cu] (46). (46)}) 15...
Nxd7 16. e4 Qe7 17. Be3 Rfd8 18. Rac1 Nf6 19. f3 Ne8 20. Qf2 Nc7 21. Ne2 Na6
22. Nf4 Bd6 23. Bf1 Nb4 24. Bc4 Rd7 25. Nd3 {1/2-1/2 Ruck,R-Chernin,A/
Balatonlelle 2002/CBM 90 (25).}) (14... Qe7 {scheint mir weniger genau zu sein
als 14...Sfd7, kommt aber auch in Betracht:} 15. e4 Rfd8 16. Bf4 Rac8 17. Nd3
Nfd7 18. Nxb4 axb4 (18... Qxb4 $14 {ist solider.}) 19. a5 bxc3 20. axb6 Nxb6 ({
Nach} 20... cxb2 21. Qxb2 Nf6 22. f3 (22. Bc7 Bxe4) 22... Bg6 (22... Ne8 23.
Ra7) 23. Bc7 {hat Weiß klaren Vorteil.}) 21. bxc3 $14 {1/2-1/2 Gelfand,
B-Ivanchuk,V/Prague 2002/CBM 89/[Huebner,R] (43). (42)}) 15. Na2 Be7 16. e4 Nb4
17. Nc3 Qb6 18. Bf4 Rac8 19. Rac1 Rfd8 20. Be3 Qc7 ({Auf} 20... Qa6 {kann} 21.
Qxa6 Nxa6 22. d5 {folgen. Schwarz hat Schwierigkeiten mit der Schwäche des
Feldes b6.}) 21. Nc4 Re8 22. f3 b6 $2 {Schwarz hätte weiter geduldig abwarten
müssen.} (22... Qd8 {zur Entfernung der Dame aus der c-Linie kommt in Betracht.
Es ist jedoch deutlich, daß die Partieanlage des Schwarzen nicht glücklich ist.
}) 23. d5 exd5 24. Nxb6 Rcd8 25. Ncxd5 Nfxd5 26. Nxd5 Nxd5 27. exd5 $2 (27.
Rxd5 {ist viel stärker.} Rxd5 28. exd5 Bf6 29. Rxc6 {, und Weiß gewinnt
mühelos.}) 27... Bf6 28. Qf2 $6 ({Jetzt scheitert} 28. Rxc6 {an} Rxe3 29. Qxe3
Qxc6 30. dxc6 Rxd1+ 31. Kf2 Bd4 32. Ke2 Bxe3 33. Kxd1 Bf5 {, und Schwarz
sollte gewinnen.}) (28. Bh3 {dürfte genauer sein als der Textzug; Weiß
verschafft sich mit dieser Fortsetzung wichtige taktische Möglichkeiten. Nach}
Bxb2 ({Auf} 28... Rd6 {folgt} 29. Qf2 Qb7 30. dxc6 Rxc6 31. Rxc6 Qxc6 32. Bd7
Qc2 33. Qxc2 Bxc2 34. Bxe8 Bxd1 35. Kg2 Kf8 36. Bb5 {, und Weiß sollte
gewinnen.}) 29. Qxb2 Rxe3 30. Rxc6 Qe7 31. Qd4 {hat er gute Gewinnaussichten.})
28... Qe5 $2 {Danach behält Weiß ohne weiteres einen gesunden, kräftigen
Mehrbauern mit Gewinnstellung. Viel stärker ist} (28... Qb7 {, und nun:} 29.
Bd4 (29. Rxc6 $2 {ist ungesund:} Qxc6 30. dxc6 Rxd1+ 31. Bf1 Bd3 {, und
Schwarz gewinnt.}) (29. dxc6 Rxd1+ 30. Rxd1 Qxc6 {führt zu einer
ausgeglichenen Stellung.}) (29. d6 {ist nicht gut:} Bxb2 30. Rc5 (30. Rc4 Qb3 {
, und Scwarz gewinnt.}) 30... Qb3 31. Re1 Rxd6 {, und Weiß wird nicht
überleben.}) 29... Bxd4 30. Rxd4 cxd5 31. Rc5 Rc8 32. Rcxd5 Bg6 {Schwarz hat
erkleckliche Remisaussichten.}) 29. Bf4 Qxb2 30. Qxb2 Bxb2 31. Rxc6 $18 Bf5 32.
Bc7 Rc8 33. d6 Bd7 34. f4 Ba3 35. Rc4 Re6 36. Bb7 Rce8 37. Bc6 Bxc6 38. Rxc6
Re1+ 39. Rxe1 Rxe1+ 40. Kf2 Rd1 41. Bxa5 Bxd6 42. Ke2 Rd5 43. Bd2 Bc5 44. a5
Bg1 45. a6 Rh5 46. h4 Rb5 47. Rc1 Bd4 48. Rc4 Bc5 49. Kd3 Kh7 50. Bc3 Kg6 51.
Ra4 Rb1 52. h5+ Kh7 53. a7 Bxa7 54. Rxa7 Kg8 55. Ke4 1-0

[Event "Bundesliga 0304"]
[Site "Germany"]
[Date "2004.02.15"]
[Round "8.1"]
[White "Nielsen, Peter Heine"]
[Black "Shirov, Alexei"]
[Result "1/2-1/2"]
[WhiteElo "2626"]
[BlackElo "2737"]
[Annotator "Huebner,R"]
[PlyCount "71"]
[EventDate "2003.11.01"]
[EventType "team-tourn"]
[EventRounds "15"]
[EventCountry "GER"]
[SourceTitle "CBM 100"]
[Source "ChessBase"]
[SourceDate "2004.06.01"]
[SourceVersion "1"]
[SourceVersionDate "2004.06.01"]
[SourceQuality "1"]
[WhiteTeam "Wattenscheid"]
[BlackTeam "Baden Oos"]
[WhiteTeamCountry "GER"]
[BlackTeamCountry "GER"]

1. d4 d5 2. c4 c6 3. Nf3 Nf6 4. Nc3 dxc4 5. a4 Bf5 6. Ne5 Nbd7 7. Nxc4 Qc7 8.
g3 e5 9. dxe5 Nxe5 10. Bf4 Nfd7 11. Bg2 g5 12. Ne3 (12. Nxe5 gxf4 {1/2-1/2
Birjukov,S-Haimi,A/Lahti 1997/EXT 99 (12)}) ({Nach} 12. Bxe5 Nxe5 13. Qd4 f6 (
13... Nxc4 14. Qxh8 O-O-O {wurde laut Schachwoche 4/2000, S.12, von G.Kasparov
befürchtet, doch sehe ich nach} 15. Qf6 {keine ansprechende Fortsetzung für
Schwarz.}) 14. O-O Be7 {dürfte Weiß kaum Vorteil haben. Der Textzug gefällt
mir weit besser, weil Weiß den wichtigen weißfeldrigen Läufer des Gegners
eliminiert.}) 12... gxf4 13. Nxf5 O-O-O 14. Qc2 Nc5 (14... Ng4 15. a5 fxg3 (
15... a6 16. Ra4 h5 17. Rxf4 Qxa5 18. O-O {mit Vorteil für Weiß.}) (15... Bc5
16. O-O (16. Ne4 Bb4+ {ist weniger überzeugend.}) 16... fxg3 17. hxg3 a6 (17...
Bxf2+ 18. Rxf2 Nxf2 19. Kxf2 {ist nicht genügend für Schwarz; der Springer auf
f5 steht zu stark.}) 18. Ne4 Bf8 19. Rfd1 {mit Vorteil für Weiß.}) 16. hxg3 a6
17. Ra4 Ndf6 18. Ne4 Nxe4 ({Bessere Möglichkeiten, die Nachteile der
Bauernstruktur durch dynamisches Figurenspiel auszugleichen, bot meines
Erachtens die Fortsetzung} 18... Nd5 19. Bh3 Ne5 20. Nc5 Kb8) 19. Bxe4 h5 20.
Kf1 Kb8 21. Kg2 Be7 22. Nxe7 Qxe7 23. Bf3 Ne5 ({Die Fortsetzungen} 23... Qg5
24. Rb4 {oder}) (23... Qe6 24. Qc3 ({Ungenügend ist die Fortsetzung} 24. Rxh5
Rxh5 25. Bxg4 Qd5+ 26. Bf3 Qf5) 24... f6 25. Rd4 {bewahren den Schwarzen auf
die Dauer auch nicht vor Bauernverlust. Seine Stellung ist strategisch
verloren.}) 24. Bxh5 $18 {1-0 Kasparov,G-Morozevich,A/Wijk aan Zee 2000/CBM 75/
[Huebner,R] (45). (45)}) (14... Bb4 {gefällt mir besser. Auf} 15. gxf4 {folgt}
Nc4 16. Qb3 (16. e3 Nc5 {überläßt dem Schwarzen eine beachtliche Initiative.})
16... Bxc3+ 17. Qxc3 Qxf4 {mit genügendem Gegenspiel für Schwarz.}) 15. O-O ({
Auf} 15. gxf4 {folgt} Nc4 {mit starkem Gegenspiel.}) (15. b4 f3 {ist ebenfalls
nicht besonders attraktiv für Weiß.}) 15... Ne6 16. Qe4 {Dies ist ein neuer,
recht giftiger Zug. Weiß droht b2-b4; außerdem erhält er taktische
Möglichkeiten, weil der Springer auf e5 einer soliden Deckung entbehrt. Mit
der mechanischen Besetzung der d-Linie erreichte Weiß in früheren Partien
nichts:} (16. Rad1 Bc5 (16... Bb4 {ist weniger genau:} 17. Na2 {, und auf} Bc5
{folgt} 18. b4) 17. Ne4 Bb4 18. e3 (18. Qc1 fxg3 19. hxg3 Rxd1 20. Rxd1 Rd8 21.
Bh3 Kb8 22. Kg2 a5 23. b3 {1/2-1/2 Kramnik,V-Morozevich,A/Astana 2001/CBM 84/
[Huebner,R] (23).}) 18... fxe3 19. fxe3 Kb8 20. Nf6 a5 $11 {1/2-1/2 Bareev,
E-Morozevich,A/Wijk aan Zee 2002/CBM 87/[Huebner,R] (41). (41)}) 16... fxg3 17.
hxg3 a5 {Es ist ratsam, b2-b4 zu verhindern. Die Fortsetzungen} (17... Rg8 18.
b4 Rg4 19. f4 {und}) (17... Bc5 18. b4 Bd4 19. Rac1 {sehen nicht gesund für
Schwarz aus.}) 18. Rfc1 Nc5 (18... Bc5 {kommt auch in Betracht.}) 19. Qf4 h5 $2
{Dieser Zug leistet hier nicht viel und kommt einem Tempoverlust gleich.} ({
Die Qualität darf Schwarz nicht zu schnappen versuchen:} 19... Nb3 20. Nb5 Nxc1
(20... Qb8 21. Bh3 Rd7 22. Ne3 Nxa1 23. Qf6 Rg8 24. Nd5 {leistet keinen
besseren Widerstand.}) 21. Rxc1 Qb8 22. Bh3 Rd7 23. Ne3 Be7 24. Qd4 {, und
Weiß gewinnt.}) (19... Ng6 {dürfte jedoch zum Ausgleich genügen.}) (19... Ne6
20. Qh4 (20. Qe4 Nc5 $11) 20... Kb8 {sieht ebenfalls spielbar aus.}) 20. b4 $1
Ne6 {Es gibt nichts Besseres:} (20... axb4 21. Nb5 cxb5 (21... Qb8 22. Qxb4
Ncd3 (22... cxb5 23. Rxc5+ Bxc5 24. Qxc5+ Qc7 25. Qxb5 {Schwarz wird nicht
lange überleben.}) 23. Bh3 Ng4 24. Bxg4 hxg4 25. Qxg4 {, und Weiß gewinnt.}) (
21... Ne6 22. Qe3 (22. Nxc7 Nxf4 23. gxf4 Ng6 24. Nd5 Kd7 25. Nde3 Nxf4 {
führt zu einer einigermaßen undeutlichen Lage.}) 22... Qb8 23. a5 {Ein
derartiger Angriff ist nicht auszuhalten.}) 22. axb5 Qb8 {Es gibt keine andere
sinnvolle Verteidigung gegen die Drohung 23.Ta8+.} 23. Qe3 (23. b6 {genügt
auch:} Ned3 24. Ne7+ Bxe7 25. Qf5+ Rd7 26. exd3) 23... Ned7 24. Ne7+ Bxe7 25.
Qxe7 {, und Weiß gewinnt.}) (20... Nb3 21. Nb5 Nxc1 (21... Qb8 22. Na7+ Qxa7
23. Qxe5 Nxc1 24. Bh3 Nxe2+ 25. Kf1 b6 26. Qxh8 Bxb4 27. Ne7+ Kc7 28. Qxd8+ {
, und Weiß gewinnt.}) 22. Rxc1 Qb8 23. bxa5 {, und auch hier wird Schwarz den
Ansturm nicht überleben.}) 21. Qe4 {Auf diese Weise zwingt Weiß den gegner
dazu, seine Dame nach b8 zu spielen.} (21. Qe3 Nc4 22. Qe4 Nd2 23. Qe3 Nc4 {
ist weniger wirksam; hier kann} 24. Qa7 axb4 25. Ne4 (25. Nb5 cxb5 26. axb5 Bc5
27. Qa8+ Kd7 {ist unzureichend.}) 25... Qa5 {beantwortet werden.}) (21. Qh4 Ng4
{führt zu einer unklaren Stellung, weil die dame des Weißen außer Spiel bleibt.
} (21... Ng6 22. Qf6 Bxb4 23. Nd5 Qe5 24. Qxf7 Rhf8 25. Qxg6 Qxf5 26. Qxf5 Rxf5
27. Bh3 {ist ungünstig für Schwarz.})) 21... Bxb4 (21... axb4 {ist natürlich
nicht besser:} 22. Nb5 Qb8 23. f4 Ng4 (23... Bc5+ 24. Rxc5 Nxc5 25. Nbd6+ Rxd6
26. Qxe5 {ist hoffnungslos für Schwarz.}) 24. Rxc6+ bxc6 25. Qxc6+ Nc7 26. Rc1
Rd7 27. Nxc7 Kd8 (27... Bc5+ 28. Rxc5 Rxc7 29. Qa6+ Kd8 30. Qd6+ {, und matt
im nächsten Zuge.}) 28. Na6 Qa7+ 29. e3 {, und Weiß hat entscheidenden Angriff.
}) 22. Nb5 Qb8 23. f4 {Dies leitet eine erzwungene Abwickelung ein, die zu
einer Stellung führt, die sehr verlockend für Weiß aussieht. Dennoch ist nicht
klar, ob eine ruhige Fortsetzung nicht noch mehr verspricht:} (23. Bh3 {
sieht sehr unangenehm für Schwarz aus.}) 23... Ng4 24. Rxc6+ bxc6 25. Qxc6+ Nc7
26. Nxc7 {Jetzt kann} (26. Rc1 {mit} Rd7 {pariert werden, weil das Feld e8 vom
Turm auf h8 gedeckt ist.}) 26... Qxc7 27. Qa6+ Kd7 28. Rd1+ Ke8 29. Qc6+ Kf8 (
29... Rd7 {scheitert an} 30. Rxd7 Qxd7 31. Qa8+ Qd8 32. Bc6+) 30. Qxc7 Rxd1+
31. Bf1 Kg8 32. Kg2 $2 {Dies ist nicht das Energischste.} (32. e3 Nh6 33. Ne7+
Bxe7 34. Qxe7 Ng4 35. Qg5+ Kf8 36. Qxa5 Rh6 37. e4 Rhd6 {führt zu einer
unklaren Stellung.}) (32. e4 Nh6 {Schwarz hat keine anderen sinnvollen Züge.}
33. Ne3 {sieht für Weiß indessen sehr vielversprechend aus.}) 32... Rd5 33. Kf3
Nh2+ 34. Kg2 Ng4 35. Kf3 {Weiß gibt sich mit remis zufrieden. In der Tat ist
die Lage nach} (35. e4 Rc5 36. Qd8+ Kh7 37. Qd3 (37. Qd7 Rc2+ 38. Kh1 Rh2+ 39.
Kg1 Bc5+ 40. Nd4 Kg7 {ist natürlich nicht verlockend für Weiß.}) 37... Rhc8 {
höchst unklar; Weiß könnte in Schwierigkeiten kommen.}) 35... Nh2+ 36. Kg2 {
Eine interessante und qualitätvolle Partie.} 1/2-1/2